Les Poètes espagnols entre l'oeillet et l'épée / (Record no. 196606)
[ view plain ]
| 000 -LEADER | |
|---|---|
| campo de control de longitud fija | 01511nam a2200349 i 4500 |
| 001 - NÚMERO DE CONTROL | |
| campo de control | 196606 |
| 003 - IDENTIFICADOR DE NÚMERO DE CONTROL | |
| campo de control | ES-MaACL |
| 005 - FECHA Y HORA DE LA ÚLTIMA TRANSACCIÓN | |
| campo de control | 20250810225047.0 |
| 007 - CAMPO FIJO DE DESCRIPCIÓN FÍSICA--INFORMACIÓN GENERAL | |
| campo de control de longitud fija | ta |
| 008 - DATOS DE LONGITUD FIJA--INFORMACIÓN GENERAL | |
| campo de control de longitud fija | 241010s1962||||be |r|||||00| ||fre d |
| 035 ## - NÚMERO DE CONTROL DEL SISTEMA | |
| Número de control de sistema | (OCoLC)493601268 |
| 035 ## - NÚMERO DE CONTROL DEL SISTEMA | |
| Número de control de sistema | PRITEC.AIX.012840245001 |
| 035 ## - NÚMERO DE CONTROL DEL SISTEMA | |
| Número de control de sistema | 090836766 |
| 040 ## - FUENTE DE CATALOGACIÓN | |
| Centro catalogador/agencia de origen | ABES |
| Lengua de catalogación | fre |
| Normas de descripción | AFNOR |
| Centro/agencia transcriptor | ES-MaACL |
| Centro/agencia modificador | ES-MaACL |
| 041 0# - CÓDIGO DE IDIOMA | |
| Fuente del código | 639-2 |
| 100 ## - ENTRADA PRINCIPAL--NOMBRE DE PERSONA | |
| Nombre de persona | Praag-Chantraine, Jacqueline van |
| Relación | aut. |
| 9 (RLIN) | 237133 |
| Término indicativo de función/relación | Autor |
| 245 14 - MENCIÓN DEL TÍTULO | |
| Título | Les Poètes espagnols entre l'oeillet et l'épée / |
| Mención de responsabilidad, etc. | Jacqueline van Praag-Chantraine. |
| 260 ## - PUBLICACIÓN, DISTRIBUCIÓN, ETC. | |
| Lugar de publicación, distribución, etc. | Bruselas : |
| Nombre del editor, distribuidor, etc. | Goemaere, |
| Fecha de publicación, distribución, etc. | 1962. |
| Fabricante | (Goemaere) |
| 300 ## - DESCRIPCIÓN FÍSICA | |
| Extensión | 17 p. ; |
| Dimensiones | 25 cm. |
| 336 ## - TIPO DE CONTENIDO | |
| Código de tipo de contenido | txt |
| Fuente | rdacontent |
| Término de tipo de contenido | texto |
| 337 ## - TIPO DE MEDIO | |
| Código del tipo de medio | n |
| Fuente | rdamedia |
| Nombre/término del tipo de medio | sin mediación |
| 337 ## - TIPO DE MEDIO | |
| Código del tipo de medio | n |
| Fuente | isbdmedia |
| Nombre/término del tipo de medio | sin mediación |
| 338 ## - TIPO DE SOPORTE | |
| Fuente | rdacarrier |
| Nombre/término del tipo de soporte | volumen |
| 500 ## - NOTA GENERAL | |
| Nota general | Extr. de : "Revue générale belge", 1962, décembre. |
| 650 #7 - PUNTO DE ACCESO ADICIONAL DE MATERIA--TÉRMINO DE MATERIA | |
| Término de materia o nombre geográfico como elemento de entrada | Poesía española |
| Fuente del encabezamiento o término | embne |
| 9 (RLIN) | 16164 |
| 852 ## - LOCALIZACIÓN | |
| Ubicación | ES-MaACL |
| Ubicación en estantería | Depósito folletos |
| Número de control de estantería | FOLL-BUE-61 |
| Donativo/Legado | Legado: Antonio Buero Vallejo |
| Anotaciones manuscritas | Dedicatoria manuscrita del autor, Jacqueline Van Praag-Chantraine, para Antonio Buero Vallejo: "A don Antonio Buero Vallejo deseándole buenas fiestas navideñas, felicidad, propsridad y grandes éxitos en el año nuevo [firma] Diciembre de 1962" |
| itemnumber | 204321 |
| 903 ## - NOMBRE PERSONAL DE DONANTE | |
| 9 | 32421 |
| a | Buero Vallejo, Antonio, |
| q | 1 |
| d | 1916-2000 |
| e | Donante |
| 942 ## - ELEMENTOS DE ENTRADA SECUNDARIOS (KOHA) | |
| Suprimir en OPAC | No |
| Tipo de ítem Koha | Folleto |
| Estatus retirado | Estado de pérdida | Fuente del sistema de clasificación o colocación | Estado de daño | No para préstamo | Colección | Biblioteca de origen | Biblioteca actual | Ubicación en estantería | Fecha de adquisición | Fuente de adquisición | Total de préstamos | Signatura topográfica completa | Código de barras | Visto por última vez | Precio de reemplazo | Tipo de ítem Koha | Nota pública |
|---|---|---|---|---|---|---|---|---|---|---|---|---|---|---|---|---|---|
| Clasificación decimal universal | Libros con dedicatorias | Biblioteca del Ateneo de Madrid | Biblioteca del Ateneo de Madrid | Depósito folletos | 10/10/2024 | Legado | FOLL-BUE-61 | 101229144 | 10/10/2024 | 10/10/2024 | Folleto | Dedicatoria manuscrita del autor, Jacqueline van Praag-Chantraine, para Antonio Buero Vallejo. |
